Las piedras de Venecia y otros ensayos sobre arte

Wedi'i Gadw mewn:
Manylion Llyfryddiaeth
Prif Awdur: Ruskin, John (Awdur)
Fformat: Llyfr
Iaith:Sbaeneg
Cyhoeddwyd: Barcelona Iberia 1961
Cyfres:Obras Maestras
Pynciau:
Tagiau: Ychwanegu Tag
Dim Tagiau, Byddwch y cyntaf i dagio'r cofnod hwn!

MARC

LEADER 00000nam a2200000 a 4500
001 UCO4798
003 CL-VaPUC
008 000811e19610000SP |||||||||||||||||spa|d
082 0 4 |a 720.945  |b RUS  |2 21 
100 0 |a Ruskin, John  |e author  |9 449432 
245 1 4 |a Las piedras de Venecia y otros ensayos sobre arte 
300 |a 294 p 
942 |c BK 
945 |d 20000811 00:00:00  |a crobeson 
260 |a Barcelona  |b Iberia  |c 1961 
500 |a Además contiene: Turner y su pintura. Prerrafaelismo 
600 0 7 |a TURNER, JOSEPH MALLORD  |2 CL-VaPUC  |9 449433 
650 0 |a Arquitectura italiana  |9 345013 
650 7 |a PINTORES INGLESES  |2 CL-VaPUC  |9 342329 
650 7 |a PRERRAFAELISMO  |2 CL-VaPUC  |9 449434 
650 0 |a Ensayos ingleses  |9 265096 
651 7 |a VENECIA  |2 CL-VaPUC  |9 268373 
651 0 |a Italia  |9 254949 
583 |a last modification  |c 20000811 00:00:00  |k Rodrigo Vera 
490 0 |a Obras Maestras 
999 |c 290790  |d 290788 
952 |0 0  |1 0  |4 0  |6 720_945000000000000_RUS_1961  |7 0  |8 A  |9 340367  |a BIBART  |b BIBART  |d 2019-11-20  |i 1215973  |o 720.945 RUS 1961  |p 1215973  |r 2025-03-13  |w 2019-11-20  |y BK  |k ART